| 000 | 00437nam a2200157Ia 4500 | ||
|---|---|---|---|
| 008 | 210210b1974 xxu||||| |||| 00| 0 eng d | ||
| 082 | _a591.12 HUGC | ||
| 100 | _aHUGHES, G. M. | ||
| 245 | _aComparative physiology of vertebrate respiration. | ||
| 250 | _a | ||
| 260 |
_aLondon _bELBS & Heinemann Educational Books, _c1974 |
||
| 300 | _axii,144 | ||
| 650 | _aPhysiology Vertebrate Respirstion | ||
| 690 | _aZoology | ||
| 906 | _a035102 | ||
| 999 |
_c85843 _d85843 |
||